000 00260nam a22000977a 4500
003 OSt
008 210121b ||||| |||| 00| 0 eng d
100 _aMajaonjar, V K
_94901
245 _aWater supply and sanitary engineering in question and answers
942 _cBK
999 _c16775
_d16775